Philosophy of man: (Record no. 488)
[ view plain ]
| 000 -LEADER | |
|---|---|
| fixed length control field | 00570nam a22001817a 4500 |
| 005 - DATE AND TIME OF LATEST TRANSACTION | |
| control field | 20230109062817.0 |
| 008 - FIXED-LENGTH DATA ELEMENTS--GENERAL INFORMATION | |
| fixed length control field | 230109b |||||||| |||| 00| 0 eng d |
| 020 ## - INTERNATIONAL STANDARD BOOK NUMBER | |
| International Standard Book Number | 978-971-574-175-0 |
| 082 ## - DEWEY DECIMAL CLASSIFICATION NUMBER | |
| Classification number | Fil. 144 D994 2012 |
| 100 ## - MAIN ENTRY--PERSONAL NAME | |
| Personal name | Dy, Manuel B., Jr. |
| Relator term | author |
| 245 ## - TITLE STATEMENT | |
| Title | Philosophy of man: |
| Remainder of title | selected readings / |
| Statement of responsibility, etc. | Manuel B. Dy Jr. |
| 250 ## - EDITION STATEMENT | |
| Edition statement | 3rd ed. |
| 260 ## - PUBLICATION, DISTRIBUTION, ETC. | |
| Place of publication, distribution, etc. | Makati City: |
| Name of publisher, distributor, etc. | Katha Publishing, |
| Date of publication, distribution, etc. | c2012. |
| 300 ## - PHYSICAL DESCRIPTION | |
| Extent | xiii, 301p.; |
| 541 ## - IMMEDIATE SOURCE OF ACQUISITION NOTE | |
| Accession number | 4231 c.1, 4232 c.2, 4233 c.3, 4234 c.4, 4235 c.5 |
| 650 ## - SUBJECT ADDED ENTRY--TOPICAL TERM | |
| Topical term or geographic name entry element | Philosophy |
| 650 ## - SUBJECT ADDED ENTRY--TOPICAL TERM | |
| Topical term or geographic name entry element | Human beings - Philosophy |
| Withdrawn status | Lost status | Source of classification or shelving scheme | Damaged status | Not for loan | Home library | Current library | Date acquired | Total Checkouts | Full call number | Barcode | Date last seen | Copy number | Price effective from | Koha item type | Date last checked out |
|---|---|---|---|---|---|---|---|---|---|---|---|---|---|---|---|
| Dewey Decimal Classification | ctu-moalboal | ctu-moalboal | 11/01/2015 | Fil. 144 D994 2012 | 4231 | 01/09/2023 | 1 | 01/09/2023 | Books-Filipiniana | ||||||
| Dewey Decimal Classification | ctu-moalboal | ctu-moalboal | 11/01/2015 | 1 | Fil. 144 D994 2012 | 4232 | 01/20/2026 | 2 | 01/09/2023 | Books-Filipiniana | 01/20/2026 | ||||
| Dewey Decimal Classification | ctu-moalboal | ctu-moalboal | 11/01/2015 | Fil. 144 D994 2012 | 4233 | 01/09/2023 | 3 | 01/09/2023 | Books-Filipiniana | ||||||
| Dewey Decimal Classification | ctu-moalboal | ctu-moalboal | 11/01/2015 | 1 | Fil. 144 D994 2012 | 4234 | 04/23/2024 | 4 | 01/09/2023 | Books-Filipiniana | 03/22/2023 | ||||
| Dewey Decimal Classification | ctu-moalboal | ctu-moalboal | 11/01/2015 | Fil. 144 D994 2012 | 4235 | 01/16/2026 | 5 | 01/09/2023 | Books-Filipiniana |